[Event "87o Campeonato Brasileiro Absoluto Final Aberta"]
[Site "Cuiaba MT"]
[Date "2021.11.02"]
[Round "8"]
[Board "31"]
[White "Ribeiro, Matheus Mendes Domingues"]
[Black "Aoyama, Edmundo"]
[Result "0-1"]
[WhiteElo "2177"]
[BlackElo "1824"]
[PlyCount "120"]
[EventDate "2021.10.28"]
[EventRounds "11"]
[EventCountry "BRA"]

1. c4 Nf6 2. Nc3 d6 3. g3 g6 4. Bg2 Bg7 5. e4 c5 6. Nge2 Nc6 7. d3 O-O 8. O-O
a6 9. h3 Bd7 10. Be3 Rb8 11. a4 Nb4 12. d4 cxd4 13. Nxd4 Qc8 14. Kh2 Qxc4 15.
Rc1 Na2 16. Nxa2 Qxa2 17. b3 Rfc8 18. Qd3 Qb2 19. f4 Bc6 20. Rf2 Qa3 21. Nc2
Qb2 22. Nb4 Qa3 23. Nc2 Qb2 24. Rd1 Nd7 25. Nd4 Qa3 26. e5 Nc5 27. Qb1 Bxg2 28.
Rxg2 dxe5 29. fxe5 Bxe5 30. Nf3 Bg7 31. Bf4 Ra8 32. Nd2 Qb4 33. Re2 Ne6 34. Re4
Qc5 35. Be3 Qc2 36. Rc4 Rxc4 37. bxc4 Qxa4 38. Qxb7 Qxd1 39. Qxa8+ Nf8 40. Qg2
h5 41. c5 h4 42. c6 hxg3+ 43. Qxg3 Qe2+ 44. Kg1 Ne6 45. Nf1 Qc4 46. Qf3 a5 47.
Nd2 Qd3 48. Bf4 Qc2 49. Qe4 Qc1+ 50. Kf2 Nxf4 51. Qxf4 Qxc6 52. Nf3 Bf6 53. Nd2
Qc5+ 54. Kf3 Qc3+ 55. Kg2 Be5 56. Qf2 Qd3 57. Nf3 Bf6 58. h4 Qd5 59. Qa7 Bxh4
60. Qa8+ Qxa8  0-1

[Event "87o Campeonato Brasileiro Absoluto Final Aberta"]
[Site "Cuiaba MT"]
[Date "2021.11.02"]
[Round "8"]
[Board "32"]
[White "Luz, Arthur Nader"]
[Black "Nunes, Gustavo Morais"]
[Result "0-1"]
[WhiteElo "2149"]
[BlackElo "1819"]
[PlyCount "96"]
[EventDate "2021.10.28"]
[EventRounds "11"]
[EventCountry "BRA"]

1. d4 Nf6 2. Bf4 e6 3. e3 d5 4. Nf3 Bd6 5. Nbd2 Bxf4 6. exf4 Qd6 7. g3 b6 8. c3
O-O 9. Ne5 c5 10. Qa4 Bb7 11. Bd3 Nc6 12. a3 cxd4 13. cxd4 a6 14. Nxc6 Bxc6 15.
Qb3 Bb7 16. O-O Rfc8 17. Rfe1 Nd7 18. Rad1 Rc7 19. Bb1 a5 20. Qf3 b5 21. Qh5 g6
22. Qg5 b4 23. a4 Bc6 24. h4 Bxa4 25. b3 Bb5 26. h5 Nf8 27. Qh6 Be8 28. hxg6
fxg6 29. Kg2 Qe7 30. Qh3 Qf6 31. Nf3 Rc3 32. Ng5 Ra6 33. Re5 Rxb3 34. Ba2 Rc3
35. Bxd5 exd5 36. Rxe8 Rc7 37. Rc1 Re7 38. Rb8 Qf5 39. Qh6 a4 40. Re1 Raa7 41.
Rxe7 Rxe7 42. Rxb4 Qd7 43. f5 gxf5 44. Qa6 f4 45. Nf3 fxg3 46. Ne5 Qf5 47. fxg3
Qe4+ 48. Kf1 Rxe5  0-1

[Event "87o Campeonato Brasileiro Absoluto Final Aberta"]
[Site "Cuiaba MT"]
[Date "2021.11.02"]
[Round "8"]
[Board "33"]
[White "Trevisan, Rodrigo"]
[Black "Lima, Vinicius Taishun"]
[Result "1-0"]
[WhiteElo "2111"]
[BlackElo "1788"]
[PlyCount "97"]
[EventDate "2021.10.28"]
[EventRounds "11"]
[EventCountry "BRA"]

1. c4 c5 2. Nc3 Nc6 3. g3 g6 4. Bg2 Bg7 5. a3 d6 6. Rb1 a5 7. Nf3 e5 8. O-O
Nge7 9. Ne1 Be6 10. Nd5 O-O 11. d3 Rb8 12. Bg5 f6 13. Bd2 b6 14. Nc2 Qd7 15. b4
axb4 16. axb4 Nd4 17. Nce3 Ndf5 18. Nxf5 Bxf5 19. Ra1 Nxd5 20. Bxd5+ Be6 21.
Qa4 Qe7 22. Qa7 Qxa7 23. Rxa7 Bxd5 24. cxd5 Ra8 25. Rfa1 Rxa7 26. Rxa7 Rf7 27.
Ra8+ Rf8 28. Ra6 Rb8 29. Ra7 b5 30. Kf1 Bf8 31. Ke1 f5 32. Kd1 e4 33. dxe4 fxe4
34. Kc2 Rc8 35. Kb3 cxb4 36. Bxb4 e3 37. fxe3 Re8 38. Bd2 Re5 39. Ra8 Rxd5 40.
Bb4 Kf7 41. e4 Rd1 42. e5 Be7 43. Ra7 Ke6 44. Rb7 Rd5 45. exd6 Bxd6 46. Rb6 Ke5
47. e4 Rd3+ 48. Kc2 Kxe4 49. Bxd6  1-0

[Event "87o Campeonato Brasileiro Absoluto Final Aberta"]
[Site "Cuiaba MT"]
[Date "2021.11.02"]
[Round "8"]
[Board "34"]
[White "Ribeiro Carrico, Victor Hugo"]
[Black "Mariano, Marceley Martins"]
[Result "0-1"]
[WhiteElo "1791"]
[BlackElo "2095"]
[PlyCount "86"]
[EventDate "2021.10.28"]
[EventRounds "11"]
[EventCountry "BRA"]

1. e4 c5 2. Nf3 Nc6 3. c4 e6 4. Be2 d5 5. cxd5 exd5 6. Nc3 d4 7. Nd5 Be6 8. Qb3
Rb8 9. O-O a6 10. d3 Nge7 11. Bf4 Nxd5 12. Bxb8 Nf4 13. Qc2 Nxe2+ 14. Qxe2 Qxb8
15. Ng5 Qc8 16. f4 Bg4 17. Qf2 h6 18. Nf3 Be7 19. f5 Bxf3 20. gxf3 Bg5 21. f4
Be7 22. Kh1 g5 23. fxg6 fxg6 24. Qg3 Qe6 25. f5 gxf5 26. Rxf5 Rg8 27. Qh3 Qg6
28. Raf1 Qg4 29. Qxg4 Rxg4 30. Rf7 Ne5 31. Rh7 Rg6 32. Rh8+ Kd7 33. Rb8 Rb6 34.
b3 Nxd3 35. Rf7 Ne5 36. Rf5 Bd6 37. Rh8 d3 38. Rh7+ Kc6 39. Rxh6 d2 40. Rf1 Rb4
41. Rd1 Rd4 42. Kg1 Rxe4 43. Kf1 Ng4  0-1

[Event "87o Campeonato Brasileiro Absoluto Final Aberta"]
[Site "Cuiaba MT"]
[Date "2021.11.02"]
[Round "8"]
[Board "35"]
[White "Sekula, Markley Ribas"]
[Black "Arruda Filho, Ivo Pereira De"]
[Result "0-1"]
[WhiteElo "2092"]
[BlackElo "1718"]
[PlyCount "88"]
[EventDate "2021.10.28"]
[EventRounds "11"]
[EventCountry "BRA"]

1. e4 c5 2. Nf3 d6 3. d4 cxd4 4. Nxd4 Nf6 5. Nc3 a6 6. f4 e6 7. Qf3 Be7 8. g4
Nc6 9. Nb3 d5 10. g5 dxe4 11. Nxe4 Nxe4 12. Qxe4 e5 13. Bd2 g6 14. O-O-O Bf5
15. Qc4 O-O 16. Bc3 Qb6 17. Bg2 Rac8 18. Qa4 Nb4 19. Rhe1 Nxc2 20. Rxe5 Ne3 21.
Rd2 Nxg2 22. Rxe7 Qg1+ 23. Rd1 Qf2 24. Nd2 Nxf4 25. Rf1 Ne2+ 26. Rxe2 Qxe2 27.
Qd4 Rxc3+ 28. bxc3 Qxh2 29. Re1 Qc7 30. Qf6 Rc8 31. Kb2 Qd8 32. Nf3 Qxf6 33.
gxf6 Be6 34. Ng5 Re8 35. Rh1 h5 36. Rd1 h4 37. Rd4 h3 38. Rh4 h2 39. Rxh2 Bg4
40. Rh7 Re2+ 41. Kc1 Be6 42. Rg7+ Kh8 43. a4 Rf2 44. Nxe6 Rxf6  0-1

[Event "87o Campeonato Brasileiro Absoluto Final Aberta"]
[Site "Cuiaba MT"]
[Date "2021.11.02"]
[Round "8"]
[Board "36"]
[White "Deus Filho, Joaquim De"]
[Black "Souza Neves, Andrey M."]
[Result "0-1"]
[WhiteElo "1868"]
[BlackElo "2087"]
[PlyCount "126"]
[EventDate "2021.10.28"]
[EventRounds "11"]
[EventCountry "BRA"]

1. Nf3 d5 2. d3 c5 3. g3 Nc6 4. Bg2 e5 5. O-O Nf6 6. Nbd2 Be7 7. e4 d4 8. a4
Bg4 9. h3 Bh5 10. g4 Bg6 11. Nc4 Nd7 12. Bd2 h5 13. g5 h4 14. Qc1 Rh5 15. Kh1
Qc7 16. a5 O-O-O 17. Nh2 f5 18. gxf6 gxf6 19. Bf3 Rh7 20. Rg1 Bh5 21. Bxh5 Rxh5
22. Qd1 Rdh8 23. a6 b6 24. Qg4 Nb4 25. Qe6 Kd8 26. Bxb4 cxb4 27. Rg7 Re8 28.
Qd5 f5 29. Rag1 fxe4 30. R1g6 exd3 31. cxd3 Rf5 32. Ng4 Qc5 33. Qa8+ Qc8 34.
Qxa7 Qc7 35. Qa8+ Qc8 36. Qxc8+ Kxc8 37. Nxb6+ Nxb6 38. Rxb6 e4 39. Rb7 exd3
40. f3 d2 41. Nf2 Rxf3 42. Nd1 Rf1+ 43. Rg1 Rxg1+ 44. Kxg1 Bc5 45. Rf7 d3+ 46.
Kg2 Re2+ 47. Kf3 Re1 48. a7 Bxa7 49. Rxa7 Rxd1 50. Ke3 Rh1 51. Kxd2 Rxh3 52. b3
Rg3 53. Rh7 h3 54. Rh4 Kd7 55. Rxb4 Ke6 56. Rb5 Kf6 57. b4 Rg5 58. Rb8 Rh5 59.
Rf8+ Ke5 60. Rf1 h2 61. Rh1 Kd4 62. Kd1 Kc3 63. Ke1 Rg5  0-1

[Event "87o Campeonato Brasileiro Absoluto Final Aberta"]
[Site "Cuiaba MT"]
[Date "2021.11.02"]
[Round "8"]
[Board "38"]
[White "Da Rosa, Henrique Jaze Simoes"]
[Black "Dantas, Neimar De Oliveira"]
[Result "0-1"]
[WhiteElo "1788"]
[BlackElo "2030"]
[PlyCount "192"]
[EventDate "2021.10.28"]
[EventRounds "11"]
[EventCountry "BRA"]

1. Nf3 Nf6 2. c4 b6 3. g3 Bb7 4. Bg2 e6 5. O-O Be7 6. Nc3 O-O 7. Re1 Ne4 8.
Nxe4 Bxe4 9. d3 Bb7 10. e4 c5 11. d4 cxd4 12. Nxd4 d6 13. Be3 Re8 14. Rc1 a6
15. f4 Nd7 16. Bf2 Qc7 17. b3 Bf6 18. Nc2 Rad8 19. Ne3 Bc6 20. Qc2 Bd4 21. Nd5
Bxf2+ 22. Kxf2 Qa7 23. Ne3 a5 24. f5 Ne5 25. Qe2 Qb7 26. Qc2 b5 27. Kg1 Qa7 28.
Kh1 b4 29. Rcd1 Qc5 30. Qf2 a4 31. f6 g5 32. Qe2 Kh8 33. Qh5 Rg8 34. Ng4 Nxg4
35. Qxg4 Qe5 36. bxa4 Ra8 37. Rf1 Rxa4 38. Rd2 Ra6 39. Qe2 Raa8 40. Rfd1 Ba4
41. Rb1 Rab8 42. Qd3 Rgd8 43. Qd4 Qxd4 44. Rxd4 e5 45. Rd5 h5 46. Rb2 Bc6 47.
Rd3 Ba4 48. Rd5 Kh7 49. Rbd2 Rdc8 50. Bf1 Bc6 51. Rxd6 Bxe4+ 52. Kg1 Bf3 53.
Kf2 e4 54. Rb2 Kg6 55. Ke3 Rc7 56. Ra6 Rcb7 57. c5 Rc7 58. Kd4 Rd8+ 59. Rd6
Rcd7 60. Ke5 Re8+ 61. Kd4 Rxd6+ 62. cxd6 Kxf6 63. Rxb4 Ke6 64. d7 Rd8 65. Bb5
f5 66. Bc6 Kd6 67. Rb6 Kc7 68. Ra6 Be2 69. Ra8 Rxa8 70. Bxa8 Kxd7 71. a4 Kc7
72. a5 Bb5 73. Bd5 Kd6 74. Bf7 h4 75. gxh4 gxh4 76. Bg6 Ke6 77. Bh5 Bc6 78. a6
f4 79. Bg4+ Kd6 80. Bc8 e3 81. Bg4 Kc7 82. Be2 Kb6 83. Bd3 Bg2 84. Bc4 Bf3 85.
Kc3 Bg4 86. Kd3 e2 87. Kd2 f3 88. Ke1 Kc6 89. Bd3 Kb6 90. Bc4 Bh3 91. Bd5 Bg2
92. Bb7 Kc5 93. Kf2 Kd4 94. Bc8 e1=Q+ 95. Kxe1 Ke3 96. a7 f2+  0-1

[Event "87o Campeonato Brasileiro Absoluto Final Aberta"]
[Site "Cuiaba MT"]
[Date "2021.11.02"]
[Round "8"]
[Board "40"]
[White "Ferreira, Thales Bond Dias"]
[Black "Pomar, Marcelo Nascimento"]
[Result "1/2-1/2"]
[WhiteElo "1805"]
[BlackElo "1947"]
[PlyCount "45"]
[EventDate "2021.10.28"]
[EventRounds "11"]
[EventCountry "BRA"]

1. d4 Nf6 2. c4 c5 3. d5 b5 4. cxb5 a6 5. b6 g6 6. Nc3 Bg7 7. e4 d6 8. Be2 Qxb6
9. Nf3 O-O 10. Nd2 Nbd7 11. Nc4 Qc7 12. a4 Nb6 13. Nxb6 Qxb6 14. O-O Qb4 15.
Qc2 e6 16. dxe6 Bxe6 17. Bf4 d5 18. exd5 Nxd5 19. Nxd5 Bxd5 20. Be3 Rfc8 21.
Rac1 Qxb2 22. Qxb2 Bxb2 23. Rxc5  1/2-1/2

[Event "87o Campeonato Brasileiro Absoluto Final Aberta"]
[Site "Cuiaba MT"]
[Date "2021.11.02"]
[Round "8"]
[Board "41"]
[White "Franca Junior, Jairo"]
[Black "Urquiza, Marcello De Albuquerque"]
[Result "0-1"]
[WhiteElo "1755"]
[BlackElo "2093"]
[PlyCount "50"]
[EventDate "2021.10.28"]
[EventRounds "11"]
[EventCountry "BRA"]

1. e4 c5 2. Nf3 e6 3. d4 cxd4 4. Nxd4 a6 5. c4 Nf6 6. Nc3 d6 7. Be2 b6 8. O-O
Bb7 9. Bf3 Qc7 10. Be3 Nbd7 11. Rc1 Be7 12. b4 O-O 13. Qc2 Ne5 14. Be2 Rac8 15.
f3 Nxc4 16. Bxc4 Qxc4 17. Qd2 Qxb4 18. Nd5 Nxd5 19. exd5 Qxd2 20. Bxd2 Bxd5 21.
Nb3 Bc4 22. Rfd1 d5 23. Be3 b5 24. f4 Ba3 25. Rc3 Bb2  0-1

[Event "87o Campeonato Brasileiro Absoluto Final Aberta"]
[Site "Cuiaba MT"]
[Date "2021.11.02"]
[Round "8"]
[Board "42"]
[White "Cardoso, Marcio De Lucca"]
[Black "Santos, Marcus Vinicius Moreira"]
[Result "0-1"]
[WhiteElo "1892"]
[BlackElo "2375"]
[PlyCount "58"]
[EventDate "2021.10.28"]
[EventRounds "11"]
[EventCountry "BRA"]

1. e4 g6 2. d4 Bg7 3. Nf3 d6 4. Bd3 Nf6 5. O-O O-O 6. c4 Bg4 7. Nc3 Nc6 8. Be3
Nd7 9. Be2 Bxf3 10. Bxf3 e5 11. d5 Nd4 12. g3 Nxf3+ 13. Qxf3 f5 14. exf5 gxf5
15. Rad1 e4 16. Qe2 Ne5 17. Kg2 Nf3 18. Nb5 Qd7 19. Nd4 f4 20. Ne6 fxe3 21.
Nxf8 Rxf8 22. Qxe3 Qg4 23. h3 Qg6 24. b4 b6 25. c5 Bh6 26. Qc3 e3 27. Rd4 e2
28. Rh1 Bg7 29. Qxf3 Rxf3  0-1

[Event "87o Campeonato Brasileiro Absoluto Final Aberta"]
[Site "Cuiaba MT"]
[Date "2021.11.02"]
[Round "8"]
[Board "43"]
[White "Oliveira, Leonardo Tadeu De Alme"]
[Black "Soares, Renan Barbosa Monteiro"]
[Result "0-1"]
[WhiteElo "2121"]
[BlackElo "1886"]
[PlyCount "106"]
[EventDate "2021.10.28"]
[EventRounds "11"]
[EventCountry "BRA"]

1. e4 c5 2. Nf3 d6 3. d4 cxd4 4. Nxd4 Nf6 5. Nc3 a6 6. Bg5 e6 7. f4 Be7 8. Qf3
Nbd7 9. O-O-O Qc7 10. g4 b5 11. Bxf6 Nxf6 12. g5 Nd7 13. f5 Nc5 14. Bh3 b4 15.
Nce2 e5 16. f6 exd4 17. fxe7 Bxh3 18. Qxh3 d3 19. Nd4 b3 20. axb3 Nxb3+ 21. Kb1
Nxd4 22. Qxd3 Ne6 23. Qd5 Rc8 24. Rd2 Kxe7 25. Rf1 Qc5 26. Qb7+ Rc7 27. Qb3
Qxg5 28. Rd5 Qg6 29. e5 Rd8 30. Rfd1 Rcd7 31. Qb4 Ke8 32. exd6 Rc8 33. Qa4 Qg2
34. h4 Qe2 35. R5d2 Qc4 36. Qa3 Rc5 37. Qf3 Ra5 38. b3 Qc5 39. Rd5 Qc3 40. Rxa5
Qxa5 41. Qa8+ Rd8 42. Qc6+ Kf8 43. Rd5 Qe1+ 44. Ka2 Qf2 45. Ka3 Nd4 46. Qc7
Nxc2+ 47. Kb2 Nd4+ 48. Ka3 Ne6 49. Qe7+ Kg8 50. d7 Qf6 51. Qd6 Nf4 52. Qxf6
gxf6 53. Rd6 Kg7  0-1

[Event "87o Campeonato Brasileiro Absoluto Final Aberta"]
[Site "Cuiaba MT"]
[Date "2021.11.02"]
[Round "8"]
[Board "44"]
[White "Andrade, Roberto Luiz Costa"]
[Black "De Carvalho, Vitor Augusto Ponciano"]
[Result "1/2-1/2"]
[WhiteElo "2060"]
[BlackElo "1757"]
[PlyCount "61"]
[EventDate "2021.10.28"]
[EventRounds "11"]
[EventCountry "BRA"]

1. e4 c5 2. Nf3 e6 3. d4 cxd4 4. Nxd4 Nc6 5. Nc3 Qc7 6. Be2 a6 7. O-O Nf6 8.
Be3 Bb4 9. Na4 Be7 10. c4 Nxe4 11. Bf3 Nf6 12. Nxc6 bxc6 13. Bb6 Qb8 14. Bd4
Qc7 15. Bb6 Qb8 16. Bd4 Qc7 17. c5 Bb7 18. Qe2 d6 19. cxd6 Bxd6 20. g3 O-O 21.
Rac1 Nd7 22. Rfd1 Rfd8 23. Be4 Rac8 24. Qh5 g6 25. Qg5 Be5 26. Nb6 h6 27. Qxh6
Nxb6 28. Bxg6 Rxd4 29. Bh7+ Kh8 30. Bg6+ Kg8 31. Bh7+  1/2-1/2

[Event "87o Campeonato Brasileiro Absoluto Final Aberta"]
[Site "Cuiaba MT"]
[Date "2021.11.02"]
[Round "8"]
[Board "45"]
[White "Brito, Vicente De Paulo Alencar"]
[Black "De Oliveira, Aquiles Machado"]
[Result "0-1"]
[WhiteElo "1889"]
[BlackElo "2059"]
[PlyCount "102"]
[EventDate "2021.10.28"]
[EventRounds "11"]
[EventCountry "BRA"]

1. d4 d5 2. Bf4 Nf6 3. Nc3 e6 4. e3 Bb4 5. Bd3 c5 6. dxc5 Nbd7 7. Nf3 Qa5 8.
O-O Bxc3 9. bxc3 Qxc3 10. Bd6 Nxc5 11. Bb5+ Bd7 12. Rb1 Bxb5 13. Rxb5 Nfe4 14.
Bxc5 Nxc5 15. Qd4 Qxd4 16. exd4 Nd7 17. Rxb7 f6 18. Rfb1 Ke7 19. Kf1 Rhb8 20.
Ke2 Kd6 21. Ne1 Rxb7 22. Rxb7 Kc6 23. Rb3 Rc8 24. Rh3 Nf8 25. Ra3 Rc7 26. Nd3
Kd6 27. Nc5 e5 28. c3 g6 29. Kd2 Nd7 30. Nxd7 Kxd7 31. Ra5 Kd6 32. Ra6+ Ke7 33.
Ra5 Rd7 34. Ra6 e4 35. h4 f5 36. g3 Kf7 37. Ke3 Kg7 38. Kf4 Rc7 39. Ra3 Kf6 40.
g4 fxg4 41. Kxg4 h5+ 42. Kf4 Rc6 43. f3 exf3 44. Kxf3 Kf5 45. Rb3 a5 46. Kg3 a4
47. Ra3 Rc4 48. Kf3 g5 49. hxg5 Kxg5 50. Kg3 h4+ 51. Kh3 Kh5  0-1

[Event "87o Campeonato Brasileiro Absoluto Final Aberta"]
[Site "Cuiaba MT"]
[Date "2021.11.02"]
[Round "8"]
[Board "46"]
[White "Valcarcel, Victor Ignacio Dos Santos"]
[Black "Pinto, Pedro Jorge De Moraes"]
[Result "1/2-1/2"]
[WhiteElo "1879"]
[BlackElo "2010"]
[PlyCount "113"]
[EventDate "2021.10.28"]
[EventRounds "11"]
[EventCountry "BRA"]

1. e4 c5 2. Nf3 g6 3. Be2 Bg7 4. c3 b6 5. d4 Bb7 6. dxc5 bxc5 7. Qb3 Qb6 8.
Nbd2 Nf6 9. e5 Nd5 10. O-O Qxb3 11. Nxb3 Ba6 12. Bxa6 Nxa6 13. Rd1 e6 14. Nbd2
h6 15. Ne4 Rb8 16. c4 Ndb4 17. b3 d5 18. cxd5 Nxd5 19. Ba3 Nab4 20. Rd2 O-O 21.
Nxc5 Rfc8 22. Bxb4 Rxb4 23. a3 Rb5 24. b4 a5 25. Ne4 Bf8 26. Nd4 Rb6 27. b5
Bxa3 28. Nc6 Bb4 29. Nxb4 axb4 30. Nd6 Rc5 31. g3 g5 32. Ra8+ Kg7 33. Ra7 Nc7
34. Rxc7 Rxc7 35. Ne8+ Kg6 36. Nxc7 Rb7 37. Na6 Rxb5 38. Rb2 b3 39. Nc7 Rb8 40.
Na6 Rb5 41. Nc7 Rb8 42. g4 Kg7 43. Kf1 Kf8 44. Ke2 Rb6 45. Kd3 Ke7 46. Kd4 Kd7
47. Nd5 exd5 48. Kxd5 Rb5+ 49. Kc4 Rxe5 50. f3 Re3 51. Rxb3 Rxb3 52. Kxb3 Kd6
53. Kc4 Ke5 54. Kd3 Kf4 55. Ke2 f5 56. h3 fxg4 57. hxg4  1/2-1/2

[Event "87o Campeonato Brasileiro Absoluto Final Aberta"]
[Site "Cuiaba MT"]
[Date "2021.11.02"]
[Round "8"]
[Board "47"]
[White "Castro Silva, Alex"]
[Black "Ribeiro, Fabiano Pinto"]
[Result "0-1"]
[WhiteElo "1961"]
[BlackElo "1831"]
[PlyCount "112"]
[EventDate "2021.10.28"]
[EventRounds "11"]
[EventCountry "BRA"]

1. e4 c5 2. Nf3 d6 3. d4 cxd4 4. Nxd4 Nf6 5. Nc3 a6 6. Bc4 e6 7. Bb3 b5 8. f4
Be7 9. f5 e5 10. Nde2 Bb7 11. Ng3 Nbd7 12. Bg5 h6 13. Bxf6 Nxf6 14. O-O h5 15.
Bd5 h4 16. Nge2 Qb6+ 17. Kh1 h3 18. Ng3 hxg2+ 19. Kxg2 Rc8 20. Bxb7 Qxb7 21. a3
Rc4 22. Qf3 Rh4 23. Rad1 a5 24. Qd3 Qc6 25. Rfe1 b4 26. axb4 axb4 27. Nd5 Rxc2+
28. Rd2 Rxd2+ 29. Qxd2 Nxd5 30. exd5 Qc5 31. Qd1 Rc4 32. Qa4+ Kf8 33. Qa8+ Qc8
34. Ra1 Bd8 35. b3 Rc2+ 36. Kh3 g6 37. Qxc8 Rxc8 38. fxg6 fxg6 39. Ne4 Ke7 40.
Ra4 Rc1 41. Rxb4 Kd7 42. Kg4 Rh1 43. Rb7+ Bc7 44. Kg5 Rxh2 45. Kxg6 Rh4 46.
Nf6+ Kc8 47. Rb5 Bd8 48. Ne8 Kd7 49. Ng7 e4 50. Nf5 Rg4+ 51. Kh6 Rg2 52. Rb7+
Bc7 53. Rb4 Rd2 54. Ne3 Rd3 55. Nc4 e3 56. Nxe3 Rxe3  0-1

[Event "87o Campeonato Brasileiro Absoluto Final Aberta"]
[Site "Cuiaba MT"]
[Date "2021.11.02"]
[Round "8"]
[Board "48"]
[White "Costa, Ricardo Santos"]
[Black "Custodio, Leandro"]
[Result "0-1"]
[WhiteElo "1834"]
[BlackElo "1953"]
[PlyCount "52"]
[EventDate "2021.10.28"]
[EventRounds "11"]
[EventCountry "BRA"]

1. Nf3 Nc6 2. c4 e5 3. Nc3 Nf6 4. g3 Bc5 5. d3 h6 6. Bg2 d6 7. O-O O-O 8. Bd2
Be6 9. Rc1 a6 10. a3 Qd7 11. b4 Ba7 12. e4 Bg4 13. Nd5 Nxd5 14. cxd5 Nd4 15.
Nxd4 Bxd1 16. Rfxd1 Bxd4 17. Rc2 Rac8 18. Bc3 Bxc3 19. Rxc3 c6 20. dxc6 Rxc6
21. Rc4 b5 22. Rxc6 Qxc6 23. d4 Qc2 24. Bf3 f5 25. Re1 fxe4 26. Re2 Qd1+  0-1

[Event "87o Campeonato Brasileiro Absoluto Final Aberta"]
[Site "Cuiaba MT"]
[Date "2021.11.02"]
[Round "8"]
[Board "49"]
[White "Peixoto, Rudson Marinho"]
[Black "Jenidarchiche, Douglas Rodrigo"]
[Result "1-0"]
[WhiteElo "1945"]
[BlackElo "1815"]
[PlyCount "51"]
[EventDate "2021.10.28"]
[EventRounds "11"]
[EventCountry "BRA"]

1. e4 c5 2. Nf3 g6 3. d4 cxd4 4. Qxd4 Nf6 5. e5 Nc6 6. Qa4 Nd5 7. c4 Nb6 8. Qd1
e6 9. Nc3 d5 10. exd6 Qxd6 11. Bd2 a6 12. Ne4 Qe7 13. c5 Nd5 14. Nd6+ Kd7 15.
Bc4 Bg7 16. O-O b6 17. Bxd5 exd5 18. Re1 Qf6 19. Bg5 Qxb2 20. Qxd5 Kc7 21.
cxb6+ Qxb6 22. Nxc8 Kxc8 23. Rac1 Kb7 24. Re7+ Kb8 25. Qd6+ Kc8 26. Rxc6+  1-0

[Event "87o Campeonato Brasileiro Absoluto Final Aberta"]
[Site "Cuiaba MT"]
[Date "2021.11.02"]
[Round "8"]
[Board "50"]
[White "Almeida, Tiago De"]
[Black "Nascimento, Davi De Araujo"]
[Result "1-0"]
[WhiteElo "1943"]
[BlackElo "1628"]
[PlyCount "83"]
[EventDate "2021.10.28"]
[EventRounds "11"]
[EventCountry "BRA"]

1. c4 c6 2. g3 d5 3. cxd5 cxd5 4. Bg2 Nf6 5. Nf3 Nc6 6. O-O e6 7. d3 Be7 8. a3
O-O 9. b4 a6 10. Bb2 Bd7 11. Nbd2 Rc8 12. Qb3 Qb6 13. Rfc1 h6 14. e3 Rfd8 15.
Ne5 Nxe5 16. Bxe5 Bc6 17. Qb2 Qb5 18. Bf1 a5 19. Rab1 axb4 20. axb4 Ra8 21. Bc7
Rdc8 22. Ba5 Be8 23. d4 Qd7 24. Bb6 Bd6 25. Bc5 Bc7 26. b5 b6 27. Bb4 Bd6 28.
Bd3 Rxc1+ 29. Rxc1 Ra4 30. Bxd6 Qxd6 31. Rc8 g6 32. Qc2 Ra1+ 33. Kg2 Kg7 34.
Nf3 Qb4 35. Qc7 Ra2 36. Ne5 Qd2 37. Bc2 Ne4 38. Ng4 h5 39. Bxe4 dxe4 40. Qe5+
Kh7 41. Rxe8 g5 42. Rh8+  1-0

[Event "87o Campeonato Brasileiro Absoluto Final Aberta"]
[Site "Cuiaba MT"]
[Date "2021.11.02"]
[Round "8"]
[Board "51"]
[White "Rodrigues Mota, Romulo Cardoso S"]
[Black "De Souza Monteiro, Marcos Paulo"]
[Result "1-0"]
[WhiteElo "1759"]
[BlackElo "1942"]
[PlyCount "49"]
[EventDate "2021.10.28"]
[EventRounds "11"]
[EventCountry "BRA"]

1. e4 c6 2. d4 d5 3. Nc3 dxe4 4. Nxe4 Bf5 5. Ng3 Bg6 6. h4 h6 7. Nh3 e6 8. Nf4
Bh7 9. Bc4 Nf6 10. O-O Bd6 11. Re1 O-O 12. c3 Nd5 13. Bxd5 Bxf4 14. Bxf4 cxd5
15. Qg4 Qf6 16. Re3 Nc6 17. Nh5 Qg6 18. Qe2 Qc2 19. Qxc2 Bxc2 20. Rg3 Bg6 21.
Nxg7 Kh7 22. Re1 Rg8 23. Nxe6 fxe6 24. Rxe6 Rae8 25. Rgxg6  1-0

[Event "87o Campeonato Brasileiro Absoluto Final Aberta"]
[Site "Cuiaba MT"]
[Date "2021.11.02"]
[Round "8"]
[Board "52"]
[White "Correa, Joao Pedro Vieira"]
[Black "Okamura, Milton Kasuo"]
[Result "1-0"]
[WhiteElo "1750"]
[BlackElo "1937"]
[PlyCount "53"]
[EventDate "2021.10.28"]
[EventRounds "11"]
[EventCountry "BRA"]

1. e4 c5 2. Nf3 e6 3. d4 cxd4 4. Nxd4 Nc6 5. Nc3 Qc7 6. Be2 a6 7. Be3 Nf6 8.
O-O Be7 9. Kh1 O-O 10. f4 d6 11. Qe1 Nxd4 12. Bxd4 b5 13. a3 Bb7 14. Bd3 Rfe8
15. Qg3 Nh5 16. Qf3 g6 17. Qh3 Nxf4 18. Rxf4 e5 19. Rxf7 Kxf7 20. Qxh7+ Ke6 21.
Qxg6+ Kd7 22. Bf2 Qd8 23. Nd5 Bxd5 24. exd5 Rf8 25. Be3 Ra7 26. Qg4+ Kc7 27. a4
 1-0

[Event "87o Campeonato Brasileiro Absoluto Final Aberta"]
[Site "Cuiaba MT"]
[Date "2021.11.02"]
[Round "8"]
[Board "53"]
[White "Jorge, Denrick Cabral Jose"]
[Black "Pironti, Francisco Ferrari"]
[Result "1-0"]
[WhiteElo "1927"]
[BlackElo "1499"]
[PlyCount "115"]
[EventDate "2021.10.28"]
[EventRounds "11"]
[EventCountry "BRA"]

1. e4 c5 2. b3 Nc6 3. Bb2 e5 4. Bc4 g6 5. f4 Bg7 6. Nf3 d6 7. O-O Nh6 8. fxe5
O-O 9. d4 cxd4 10. exd6 Qxd6 11. Ba3 Qf4 12. Bxf8 Bxf8 13. Qd2 Qc7 14. c3 Ng4
15. cxd4 Bh6 16. Qd3 Be3+ 17. Kh1 Nxd4 18. g3 Nxf3 19. Rxf3 Nf2+ 20. Rxf2 Bxf2
21. Nc3 Bg4 22. Rf1 Qc5 23. Kg2 Bd4 24. Rxf7 Kh8 25. h3 Bc8 26. Rf8+ Kg7 27.
Rf7+ Kh8 28. Nb5 Bxh3+ 29. Kxh3 Rd8 30. Nxd4 Rxd4 31. Rf8+ Kg7 32. Rg8+ Kh6 33.
Qe3+ g5 34. Rd8 Rxc4 35. Qxc5 Rxc5 36. Rd7 Rb5 37. Kg4 Kg6 38. Rd6+ Kg7 39. Kh5
Rb4 40. Kxg5 Rxe4 41. Rd7+ Kg8 42. Rxb7 Re6 43. Rxa7 Rg6+ 44. Kf4 Rf6+ 45. Ke4
Rg6 46. Kf3 Rf6+ 47. Kg2 Rb6 48. g4 Kh8 49. Kf3 h6 50. Kf4 Rf6+ 51. Ke5 Rg6 52.
Ra4 Rg5+ 53. Kf6 Kh7 54. Rf4 Rg6+ 55. Ke5 Rg5+ 56. Kd4 Rb5 57. Kc4 Rb8 58. b4
 1-0

[Event "87o Campeonato Brasileiro Absoluto Final Aberta"]
[Site "Cuiaba MT"]
[Date "2021.11.02"]
[Round "8"]
[Board "54"]
[White "Boabaid, Jorge Alberto Duardes"]
[Black "Costa, Kerginaldo Brito Da"]
[Result "0-1"]
[WhiteElo "1712"]
[BlackElo "1926"]
[PlyCount "84"]
[EventDate "2021.10.28"]
[EventRounds "11"]
[EventCountry "BRA"]

1. e4 c5 2. Nf3 e6 3. d4 cxd4 4. Nxd4 a6 5. Nc3 Qc7 6. Be2 b5 7. a3 Bb7 8. Be3
Nf6 9. f3 Be7 10. Qd3 O-O 11. O-O d6 12. f4 Nbd7 13. Nb3 Rac8 14. Rad1 Nb6 15.
Bc1 Nc4 16. Qf3 Nxa3 17. Bd3 Nxc2 18. Qh3 Nb4 19. Bb1 g6 20. f5 d5 21. e5 exf5
22. exf6 Bxf6 23. Rxf5 Qb6+ 24. Kh1 d4 25. Ne4 Bg7 26. Nbc5 gxf5 27. Nf6+ Qxf6
28. Nxb7 d3 29. Bd2 Qxb2 30. Bxb4 Qxb4 31. Qxf5 Rfe8 32. Rf1 Rc7 33. Bxd3 Rxb7
34. Qxh7+ Kf8 35. Qf5 Qe7 36. h3 Qe5 37. Qf3 Rbe7 38. h4 Qe3 39. Qf5 Qg3 40.
Qh7 Re1 41. Qh5 Rxf1+ 42. Bxf1 Qf2  0-1

[Event "87o Campeonato Brasileiro Absoluto Final Aberta"]
[Site "Cuiaba MT"]
[Date "2021.11.02"]
[Round "8"]
[Board "56"]
[White "Naief Moreira, Cleber"]
[Black "Da Silva, Fabio Lima"]
[Result "1-0"]
[WhiteElo "1852"]
[BlackElo "1909"]
[PlyCount "55"]
[EventDate "2021.10.28"]
[EventRounds "11"]
[EventCountry "BRA"]

1. e4 c5 2. c3 g6 3. d4 cxd4 4. cxd4 Bg7 5. Nf3 d6 6. Nc3 Nf6 7. Bd3 O-O 8. O-O
Nc6 9. h3 Nd7 10. Be3 e6 11. Rc1 a6 12. a4 Qa5 13. Qd2 e5 14. Bb1 Nxd4 15. Nxd4
exd4 16. Bxd4 Bxd4 17. Qxd4 Qg5 18. Qxd6 Qe5 19. Qd2 Nc5 20. Qe3 Nb3 21. Rcd1
Be6 22. Qb6 Qg5 23. Kh1 Nd2 24. f4 Nc4 25. Qxe6 Qc5 26. Qd5 Qc7 27. Qg5 Ne3 28.
Nd5  1-0